000 01245 a2200265 4500
003 Nust
005 20220719182326.0
010 _a 94005709
020 _a9814126772 (acid-free paper)
040 _cNust
082 0 0 _a003.01,YAG
100 1 _aYager, Ronald R.,
_993889
245 1 0 _aEssentials of fuzzy modeling and control /
_cRonald R. Yager, Dimitar P. Filev.
260 _aNew York :
_bWiley,
_cc1994.
300 _axvi, 388 p. :
_bill. ;
_c25 cm.
505 _aBasics Concepts of Fuzzy Set Theory (Page-1), Aggregation Operation on Fuzzy Sets (Page-29), The Theory of Approximate Reasoning (Page-79),Introduction to Fuzzy Logic Control (Page-109), Fuzzy Systems Models (Page-155), Developing Fuzzy Models (Page-203), Theoretical Analysis of FLC (Page-265), Defuzzification Problems (Page-313), The Flexible Structure of Fuzzy Systems (Page-357),
538 _aAlmirah No.1 and Shelf No.4
650 0 _aControl theory.
650 0 _aFuzzy sets.
650 0 _aFuzzy systems.
700 1 _aFilev, Dimitar P.,
_d1959-
_993890
856 4 2 _3Publisher description
_uhttp://www.loc.gov/catdir/description/wiley033/94005709.html
856 4 2 _3Table of Contents
_uhttp://www.loc.gov/catdir/toc/onix04/94005709.html
942 _2ddc
_cBK
999 _c176772
_d176772